书目信息 |
| 题名: |
先秦两汉文论选
|
|
| 作者: | 张少康、卢永璘 | |
| 分册: | ||
| 出版信息: | 北京 人民文学出版社 1996 |
|
| 页数: | 667页 | |
| 开本: | 20cm | |
| 丛书名: | ||
| 单 册: | ||
| 中图分类: | B232 | |
| 科图分类: | ||
| 主题词: | 哲学--中国--秦汉时代 | |
| 电子资源: | ||
| ISBN: | 7-02-001669-3 | |
| 000 | 00566nam0 2200181 450 | |
| 001 | 0728815141 | |
| 005 | 20070819080015.14 | |
| 010 | @a7-02-001669-3@d¥30.00 | |
| 100 | @a20070819d km y0chiy0120 ea | |
| 101 | 0 | @achi |
| 200 | 1 | @a先秦两汉文论选@Axian qin liang han wen lun xuan@f张少康、卢永璘@Fzhang shao kang、lu yong lin |
| 210 | @a北京@c人民文学出版社@d1996 | |
| 215 | @a667页@d20cm | |
| 606 | 0 | @a哲学@x中国@x秦汉时代 |
| 690 | @aB232@v3 | |
| 701 | 0 | @a张少康、卢永璘@Azhang shao kang、lu yong lin |
| 801 | 0 | @aCN@bPFT@c20070819 |
| 905 | @a213230@dB232@eZW10@f1 | |
| 先秦两汉文论选/张少康、卢永璘.-北京:人民文学出版社,1996 |
| 667页;20cm |
| ISBN 7-02-001669-3:¥30.00 |
| ● |
| 相关链接 |
|
|
|
|
正题名:先秦两汉文论选
索取号:B232/ZW10
 
预约/预借
| 序号 | 登录号 | 条形码 | 馆藏地/架位号 | 状态 | 备注 |
| 1 | 7600057 | 276000578 | 密集书库-文学院/ [索取号:B232/ZW10] | 在馆 |